000 00663nam a2200265Ia 4500
005 20260306164301.0
008 008 260114s9999 xx 000 0 eng d
020 _a9781529205695
037 _aEBOOK
040 _aCRL
040 _beng
040 _cCRL
041 _2eng
041 _aeng
084 _qCRL
100 _aBloom, Jones, Woodcock
_91130347
245 0 _aGuerrilla Democracy: Mobile Power And Revolution In The 21st Century
260 _bThe Policy Press
260 _c2022
650 _aEconomics & Finance
856 _uhttps://academic.oup.com/book/42716
942 _cEBOOK
999 _c1713502
_d1713502